| 000 | 01287nam a22002177a 4500 | ||
|---|---|---|---|
| 003 | OSt | ||
| 005 | 20260416103951.0 | ||
| 008 | 250613s2018 ag ||||| |||| 00| 1 spa d | ||
| 020 | _a9789873987984 | ||
| 040 | _cbesoc | ||
| 100 | 1 |
_aSchweblin, Samanta, _d1978- |
|
| 245 | 1 | 0 |
_aPájaros en la boca y otros cuentos / _cSamanta Schweblin |
| 260 |
_aBuenos Aires : _bPenguin Random House, _c2018 |
||
| 300 | _a186 p. | ||
| 520 | _aEsta compilación incluye veinte relatos ya publicados en ediciones anteriores de sus libros de cuentos y en ediciones internacionales, además de dos relatos inéditos. La selección, llevada a cabo por la propia autora, configura una pieza indispensable de su prosa breve y de la literatura contemporánea argentina. Heredera de la más prestigiosa tradición literaria, en la línea de Raymond Carver y Flannery O'Connor, Schweblin maneja el lenguaje de una forma extraordinaria, con una prosa sobria y eficaz al servicio de historias que se mueven en el límite entre lo real y lo fantástico. Los cuentos de Schweblin, perturbadores y desconcertantes, plantean un enigma que provoca y atrapa profundamente al lector. [Nota del editor] | ||
| 648 | 4 | _aSiglo XXI | |
| 650 | 4 | _aLiteratura | |
| 651 | 4 | _aArgentina | |
| 655 | 4 | _aCuentos | |
| 942 |
_2udc _cOG _n0 |
||
| 999 |
_c522 _d522 |
||